Central Library OPAC University of Rajshahi

Essentials of human genetics / (Record no. 68876)

MARC details
000 -LEADER
fixed length control field 00791nam a2200265 a 4500
001 - CONTROL NUMBER
control field 68876
003 - CONTROL NUMBER IDENTIFIER
rucl marc code BD-RjUL
005 - DATE AND TIME OF LATEST TRANSACTION
control field 20211209081823.0
008 - FIXED-LENGTH DATA ELEMENTS--GENERAL INFORMATION
fixed length control field 170406r2009 ii a|||| |||| 001 0 eng d
020 ## - INTERNATIONAL STANDARD BOOK NUMBER
International Standard Book Number 9788173716478
035 ## - SYSTEM CONTROL NUMBER
System control number (BD-RjUL)69087
040 ## - CATALOGING SOURCE
Original cataloging agency BD-RjUL
Language of cataloging eng
Transcribing agency BD-RjUL
Modifying agency BD-RjUL
041 ## - LANGUAGE CODE
Language code of text/sound track or separate title eng
082 ## - DEWEY DECIMAL CLASSIFICATION NUMBER
Edition number 23
Classification number 599.935
Author mark and year KOE 2009
100 1# - MAIN ENTRY--PERSONAL NAME
Personal name Kothari, Manu L
9 (RLIN) 204089
245 10 - TITLE STATEMENT
Title Essentials of human genetics /
Statement of responsibility, etc. Manu L Kothari; L A Mehta; Sadhana S Roychoudhury
250 ## - EDITION STATEMENT
Edition statement 5th ed.
260 ## - PUBLICATION, DISTRIBUTION, ETC. (IMPRINT)
Place of publication, distribution, etc. Hyderabad :
Name of publisher, distributor, etc. Universities Press,
Date of publication, distribution, etc. 2009
300 ## - PHYSICAL DESCRIPTION
Pagination x, 488 p. :
Illustrations ill. ;
Size 27 cm.
500 ## - GENERAL NOTE
General note Includes index
650 ## - SUBJECT ADDED ENTRY--TOPICAL TERM
Topical term or geographic name as entry element Human Genetics
9 (RLIN) 204090
700 ## - ADDED ENTRY--PERSONAL NAME
Personal name Mehta, Lopa A
Personal name Roychoudhury, Sadhana S
942 ## - ADDED ENTRY ELEMENTS (KOHA)
Source of classification or shelving scheme Dewey Decimal Classification
Koha item type Books
Holdings
Lost status Source of classification or shelving scheme Damaged status Not for loan Collection code Permanent Location Current Location Shelving location Date acquired Source of acquisition Cost, normal purchase price Total Checkouts Full call number Date last seen Copy number Koha item type
  Dewey Decimal Classification   Not For Loan Non-fiction Central Library, University of Rajshahi Central Library, University of Rajshahi Reading Room 20/06/2013 Paragon Enterprise ltd., Dhaka 880.00   599.935 KOE 2009 06/04/2017 C-1 Books